Elementary theory of numbers /

Guardado en:
Autor Principal: Sierpinski, Waclaw, 1882-1969.
Otros Autores: Hulanicki, A. (Traductor)
Formato: Libro
Idioma:English
Polish
Publicado: Warszawa : Panstwowe Wydawn. Naukowe, 1964.
Series:Monografie matematyczne ; t. 42.
Etiquetas: Agregar Etiqueta
Sin Etiquetas, Sea el primero en etiquetar este registro!
LEADER 00802cam a22002295 4500
001 MAT.inmabb001792
008 840911s1964####pl#######b####001#0#eng#d
005 20130227125022.0
245 1 0 |a Elementary theory of numbers /  |c Waclaw Sierpinski ; translated from Polish by A. Hulanicki. 
260 |a Warszawa :  |b Panstwowe Wydawn. Naukowe,  |c 1964. 
300 |a 480 p. ;  |c 25 cm. 
440 0 |a Monografie matematyczne ;  |v t. 42. 
500 |a Basado en la obra del autor, Teoria liczb. 
504 |a Bibliografía: p. [448]-467. 
510 4 |a MR,  |c 31 #116 
100 1 |a Sierpinski, Waclaw,  |d 1882-1969. 
700 1 |a Sierpinski, Waclaw,  |d 1882-1969.  |t Teoria liczb. 
700 1 |a Hulanicki, A.  |4 trl 
084 |a 11  |2 msc2000 
010 |a  65047714  
041 1 |a eng  |h pol 
859 |h 11  |i Si572  |p A-3162  |b BIB. MATEMATICA